| 000 | 00542cam a2200205ua 4500 | ||
|---|---|---|---|
| 001 | 6530 | ||
| 008 | 140703n ii |||gr||||Z||||||eng | ||
| 020 | _a81-7663-376-3 | ||
| 040 | _cMAIN | ||
| 082 | _a336.24 | ||
| 245 |
_aIncome tax made easy for salaries _cBy V.P. Gaur |
||
| 250 | _a12th rev. ed. | ||
| 260 |
_aLudhiana: _bKalyani publishers, _c2001. |
||
| 300 | _ax,106p. | ||
| 653 | _aPublic finance | ||
| 653 | _aIncome tax made easy for salaries | ||
| 700 |
_aGaur,V.P., _eAuthor., |
||
| 700 |
_aNarang,D.B., _eAuthor. |
||
| 942 | _cBK | ||
| 999 |
_c5679 _d5679 |
||